Subcampeones del fútbol mexicano - Estadísticas

Estadísticas generales
  • Esta prueba ha sido intentada 29 veces
  • La puntuación promedio es 20 de 26
Estadísticas de respuestas
Temporada Subcampeones % Correcto
1 Club América
100%
4 Cruz Azul
100%
7 Pumas UNAM
100%
3 Toluca
100%
26 C. F. Monterrey
96%
5 Club León
96%
2 Guadalajara
96%
8 Pachuca
96%
6 Tigres UANL
96%
12 Atlas FC
92%
25 Querétaro F. C.
92%
9 Santos Laguna
92%
16 Monarcas Morelia
85%
10 Atlante
81%
18 Tecos UAG
77%
11 Club Necaxa
73%
13 Club Puebla
73%
15 Oro
69%
24 San Luis F. C.
69%
17 R.C. España
58%
22 Atlético Celaya
54%
19 Leones Negros U. de G.
54%
20 Tampico-Madero F. C.
54%
23 Toros Neza
50%
14 Zacatepec
46%
21 Atlético Español
19%
No se encontraron pruebas coincidentes
Distribución de puntuación
Porcentaje de gente con cada puntuación
Porcentaje por número respondido
Historial de tus puntuaciones
No has intentado esta prueba.